000 03397nam a2200397 i 4500
003 OSt
005 20220609155958.0
007 ta
008 210831s2019 ck a br6 000 1 spa d
020 _a9789583057496
040 _aCO-BoRNBP
_bspa
_erda
_cCO-MqBPB
041 1 _aspa
_hfre
082 _aALM
_bFERp
100 1 _aFerry, Luc
_d1951-
_eautor
_9186709
245 1 3 _aLa sabiduría de los mitos
_bPerseo y la gorgona Medusa
_cconcebido y escrito por Luc Ferry ; traducción Juan Fernando Merino ; guión Clotilde Bruneau ; ilustración Didier Poli
250 _aPrimera edición
264 1 _aBogotá
_bPanamericana Editorial
_c2019
300 _a59 páginas
_bilustraciones, fotografías
_c27 cm
336 _2rdacontent
_atexto
_btxt
337 _2rdamedia
_asin mediación
_bn
338 _2rdacarrier
_avolumen
_bnc
490 0 _aCómic Panamericana
500 _aReseña del libro Esta es una adaptación de un mito griego a formato de novela gráfica. Las ilustraciones, muy bien logradas, imprimen la acción requerida para el relato. El texto y las imágenes se complementan a la perfección para narrar fielmente la historia, sin desvirtuar la original. Al final, el autor ofrece un importante material complementario que analiza el significado filosófico y el patrimonio cultural del mito. Narra la historia del rey Acrisio y ... Ver más Ocultar Esta es una adaptación de un mito griego a formato de novela gráfica. Las ilustraciones, muy bien logradas, imprimen la acción requerida para el relato. El texto y las imágenes se complementan a la perfección para narrar fielmente la historia, sin desvirtuar la original. Al final, el autor ofrece un importante material complementario que analiza el significado filosófico y el patrimonio cultural del mito. Narra la historia del rey Acrisio y su hijo Perseo, quien según el oráculo, dará muerte a su padre. Nada de lo que haga el rey podrá burlar el vaticinio aunque el paso de los años y la distancia parezcan interponerse. Esta es una adaptación de un mito griego a formato de novela gráfica. Las ilustraciones, muy bien logradas, imprimen la acción requerida para el relato. El texto y las imágenes se complementan a la perfección para narrar fielmente la historia, sin desvirtuar la original. Al final, el autor ofrece un importante material complementario que analiza el significado filosófico y el patrimonio cultural del mito. Narra la historia del rey Acrisio y su hijo Perseo, quien según el oráculo, dará muerte a su padre. Nada de lo que haga el rey podrá burlar el vaticinio aunque el paso de los años y la distancia parezcan interponerse.
521 _aRecomendado para un público infantil mayor de 9 años
534 _tPersée et la Gorgone Méduse
650 1 7 _aTiras Cómicas, historietas francesas
_ySiglo XX
_2LEMB
_9111299
650 1 7 _aLiteratura infantil francesa
_ySiglo XX
_2LEMB
_9186710
650 1 7 _aAutores franceses
_ySiglo XX
_2LEMB
_917676
650 1 7 _aMitología griega
_vTiras Cómicas, historietas, etc.
_2LEMB
_9186711
650 1 7 _aMitología clásica
_vTiras Cómicas, historietas, etc.
_2LEMB
_9186712
650 1 7 _aDioses griegos
_vTiras Cómicas, historietas, etc.
_2LEMB
_9186713
700 1 _aMerino, Juan Fernando
_d1954-
_etraductor
_9186714
700 1 _aBruneau, Clotilde
_eguionista
_9186715
700 1 _aPoli, Didier
_eilustrador
_9186716
942 _cBKLIT
999 _c14351
_d14351